000
00245nam a2200097Ia 4500
001
1214766
005
20250827024538.0
008
250824s9999 xx 000 0 und d
245
0
_a
TAVAN ARASI SIRLARI
_c
NEHİR YARAR
260
_b
ALTIN KİTAPLARI
999
_c
1214766
_d
1214766